Spanish-english dictionary of law and business / (Registro nro. 10823)
[ vista simple ]
| 000 -CABECERA | |
|---|---|
| fixed length control field | 00622nam a2200205 4500 |
| 005 - FECHA Y HORA DE LA ULTIMA TRANSACCIÓN | |
| control field | 20260319064027.0 |
| 008 - ELEMENTOS DE LONGITUD FIJA | |
| fixed length control field | 190426b1999 -us||||| |||| 00| 0 eng d |
| 020 ## - ISBN | |
| ISBN | 9781883707378 |
| 040 ## - FUENTE DE CATALOGACIÓN | |
| Agencia que realiza la modificación | AR-MoUNM |
| 082 ## - NÚMERO DE CLASIFICACIÓN DECIMAL DEWEY (C.D.D.) | |
| Número de la edición | 20 |
| Número de la Clasificación Decimal de Dewey (C.D.D.) | R340.03 |
| Número del ítem | WEST 521 |
| 100 1# - ENTRADA PRINCIPAL - NOMBRE DE PERSONA | |
| 9 (RLIN) | 15495 |
| Nombre personal | West III, Thomas L. |
| 245 10 - MENCIÓN DEL TÍTULO | |
| Título | Spanish-english dictionary of law and business / |
| Mención de responsabiblidad | Thomas L. West III. |
| 260 ## - PUBLICACIÓN, DISTRIBICIÓN, ETC. | |
| Lugar de publicación, distribución, etc. | Atlanta : |
| Nombre del editor, distribuidor, etc. | Protea Publishing, |
| Fecha de publicación, distribución, etc. | c1999. |
| 300 ## - DESCRIPCIÓN FÍSICA | |
| Extensión | 319 p. ; |
| Dimensiones [El subcampo es A para Materiales Mixtos] | 23 cm. |
| 650 #7 - ENTRADA SECUNDARIA DE MATERIA - TÉRMINO TEMÁTICO | |
| Término temático o nombre geográfico como elemento de entrada | DICCIONARIO |
| Fuente de la entrada o término | unescot |
| 9 (RLIN) | 93 |
| 650 #7 - ENTRADA SECUNDARIA DE MATERIA - TÉRMINO TEMÁTICO | |
| Fuente de la entrada o término | unescot |
| 9 (RLIN) | 227 |
| Término temático o nombre geográfico como elemento de entrada | DERECHO |
| 650 #7 - ENTRADA SECUNDARIA DE MATERIA - TÉRMINO TEMÁTICO | |
| Fuente de la entrada o término | unescot |
| 9 (RLIN) | 779 |
| Término temático o nombre geográfico como elemento de entrada | INGLES |
| 650 #7 - ENTRADA SECUNDARIA DE MATERIA - TÉRMINO TEMÁTICO | |
| Fuente de la entrada o término | unescot |
| 9 (RLIN) | 867 |
| Término temático o nombre geográfico como elemento de entrada | ESPAÑOL |
| 942 ## - ADDED ENTRY ELEMENTS (KOHA) | |
| Item type | Consulta en sala |
| Withdrawn status | Lost status | Damaged status | Not for loan | Home library | Current library | Date acquired | Source of acquisition | Inventory number | Total Checkouts | Full call number | Barcode | Date last seen | Price effective from | Koha item type | Nota Pública |
|---|---|---|---|---|---|---|---|---|---|---|---|---|---|---|---|
| Colección general | Colección general | 26/04/2019 | Donación Embajada de EE.UU. | 18351 | R340.03 WEST 521 | 18351 | 26/04/2019 | 26/04/2019 | Consulta en sala | Donación Embajada EE.UU. |


